| 000 | 00745nam a2200205Ia 4500 | ||
|---|---|---|---|
| 001 | 17049 | ||
| 003 | GE_BSU | ||
| 008 | 181216s||||||||xx |||||||||||||| ||und|| | ||
| 040 | _cGE_BSU | ||
| 080 | _a82-93:821.161.1-3 | ||
| 100 | _aოსეევა, ვ. | ||
| 245 | _aვასიოკ ტრუბაჩოვი და მისი ამხანაგები. წ. 1 | ||
| 245 | _cთარგ. ელ. გოგოლაშვილმა | ||
| 260 | _aთბილისი | ||
| 260 | _bსაბლიტგამი | ||
| 300 | _a202 გვ. : ილ.22სმ | ||
| 653 | _aვასიოკ ტრუბაჩოვი და მისი ამხანაგები | ||
| 653 | _aმოთხრობა | ||
| 942 | _cBK | ||
| 999 |
_c50111 _d50111 |
||